[Event "Namur op RNE"]
[Site "Namur"]
[Date "2011.01.28"]
[Round "5"]
[White "Englebert, Stephane"]
[Black "Sauveniere, Herve"]
[Result "1-0"]
[WhiteElo "1740"]
[BlackElo "1641"]
[PlyCount "45"]
[EventDate "2011.01.28"]
[EventType "swiss"]
[EventRounds "7"]
[EventCountry "BEL"]
[SourceTitle "EXT 2024"]
[Source "ChessBase"]
[SourceDate "2023.10.10"]
[SourceVersion "1"]
[SourceVersionDate "2023.10.10"]
[SourceQuality "1"]

1. c4 c5 2. Nc3 Nc6 3. Nf3 Nf6 4. d4 cxd4 5. Nxd4 g6 6. e4 d6 7. Be3 Bg7 8. Be2 0-0 9. 0-0 a6 10. f4 Qc7 11. a3 e5 12. Nf3 Ng4 13. Nd5 Qd8 14. Bb6 Qd7 15. Qc2 exf4 16. Nxf4 Nce5 17. Rad1 f5 18. c5 fxe4 19. Nxe5 Bxe5 20. Bc4+ Kh8 21. Nxg6+ hxg6 22. Rxf8+ Kg7 23. Rf7+ 1-0